[Event "TCh-FRA Top 12 2012"]
[Site "Belfort FRA"]
[Date "2012.06.06"]
[Round "7.8"]
[White "Fruteau, Sabine"]
[Black "Leroy, Didier"]
[Result "0-1"]
[WhiteTitle "WFM"]
[BlackTitle "IM"]
[WhiteElo "2127"]
[BlackElo "2284"]
[WhiteTeam "L'Echiquier Deauvillais"]
[BlackTeam "EVRY Grand Roque"]
[WhiteFideId "601942"]
[BlackFideId "610950"]
[EventDate "2012.05.31"]

1. e4 c5 2. Nf3 Nc6 3. Bb5 e6 4. O-O Nge7 5. Re1 a6 6. Bf1 b6 7. c3 d5 8. exd5
Nxd5 9. d4 cxd4 10. Nxd4 Bb7 11. Nf5 Nce7 12. Ne3 Qc7 13. Na3 Nxe3 14. Bxe3 Nf5
15. Nc2 Bd6 16. h3 O-O 17. Qg4 Rfd8 18. Bg5 Rd7 19. Ne3 h6 20. Bh4 Nxh4 21. Qxh4
Rad8 22. Qc4 Bh2+ 23. Kh1 Rd2 24. Qxc7 Bxc7 25. Nd1 Kf8 26. Kg1 h5 27. Rb1 b5
28. Be2 h4 29. Ne3 Be4 30. Ra1 Rxb2 31. a4 Bd3 32. Bxd3 Rxd3 33. axb5 axb5 34.
Ra8+ Ke7 35. Ra7 Kd8 36. c4 b4 37. c5 Rbd2 38. Rb7 b3 39. Rb1 Rc3 40. R7xb3 Rxc5
41. Rb4 g5 42. Rd1 Rxd1+ 43. Nxd1 f5 44. Kf1 Ba5 45. Ra4 Ke7 46. Ne3 Rc1+ 47.
Ke2 Re1+ 48. Kd3 Bb6 49. Ra2 Bxe3 50. fxe3 Kf6 51. Rb2 Rg1 52. Ra2 e5 53. Ra6+
Kf7 54. Ra2 Kg6 55. Rf2 Kf6 56. e4 f4 57. Ra2 Re1 58. Re2 Rd1+ 59. Rd2 Rxd2+ 60.
Kxd2 g4 61. Ke2 Kg5 62. Kf2 f3 63. hxg4 fxg2 0-1

[Event "TCh-FRA Top 12 2012"]
[Site "Belfort FRA"]
[Date "2012.06.07"]
[Round "8.2"]
[White "Iordachescu, Viorel"]
[Black "Apicella, Manuel"]
[Result "1-0"]
[WhiteTitle "GM"]
[BlackTitle "GM"]
[WhiteElo "2614"]
[BlackElo "2548"]
[WhiteTeam "METZ Fischer"]
[BlackTeam "GRASSE Echecs"]
[WhiteFideId "13900200"]
[BlackFideId "600164"]
[EventDate "2012.05.31"]

1. e4 e6 2. d4 d5 3. Nd2 Nf6 4. e5 Nfd7 5. Ngf3 c5 6. c3 b6 7. h4 Ba6 8. Bxa6
Nxa6 9. Qe2 Qc8 10. Rh3 cxd4 11. Nxd4 Bc5 12. N2b3 Bxd4 13. cxd4 Nb4 14. Rc3 Qa6
15. Bd2 Qxe2+ 16. Kxe2 a5 17. Nc1 Ke7 18. a3 Na6 19. Nd3 Rhc8 20. Rac1 Rxc3 21.
Rxc3 Kd8 22. h5 h6 23. Ne1 Nc7 24. Rg3 Ne8 25. Rf3 f6 26. Nd3 Rc8 27. g4 Rc4 28.
exf6 Nexf6 29. g5 Ne4 30. gxh6 gxh6 31. Bxh6 Rxd4 32. Be3 Rc4 33. h6 Ke7 34. h7
Rc2+ 35. Ke1 Rc8 36. Nf4 Ne5 37. Rh3 Rh8 38. Bd4 Nf3+ 39. Rxf3 Rxh7 40. Rb3 Rh1+
41. Ke2 1-0

[Event "TCh-FRA Top 12 2012"]
[Site "Belfort FRA"]
[Date "2012.06.07"]
[Round "8.3"]
[White "Nanu, Costica-Ciprian"]
[Black "Postny, Evgeny"]
[Result "1-0"]
[WhiteTitle "GM"]
[BlackTitle "GM"]
[WhiteElo "2520"]
[BlackElo "2651"]
[WhiteTeam "GRASSE Echecs"]
[BlackTeam "METZ Fischer"]
[WhiteFideId "1204580"]
[BlackFideId "2804344"]
[EventDate "2012.05.31"]

1. c4 e5 2. Nc3 Nf6 3. Nf3 Nc6 4. d3 Bb4 5. Bd2 O-O 6. a3 Bxc3 7. Bxc3 e4 8.
dxe4 Nxe4 9. Qc2 Nxc3 10. Qxc3 d6 11. e3 a5 12. b3 Qe7 13. Be2 Bg4 14. h3 Bh5
15. O-O Ne5 16. Nd4 Bxe2 17. Nxe2 Qf6 18. Rac1 Nd7 19. Qxf6 Nxf6 20. Nc3 Rfc8
21. Rfd1 Kf8 22. Kf1 Ke7 23. g4 h6 24. Rc2 Rd8 25. Rcd2 c6 26. Kg2 Rd7 27. Na4
Rdd8 28. Nc3 Rd7 29. f3 Rb8 30. h4 Ne8 31. Ne2 g6 32. Nf4 b5 33. c5 Rbd8 34. Rc2
dxc5 35. Rxd7+ Rxd7 36. Rxc5 Rd2+ 37. Kf1 Kd6 38. Rc3 Nf6 39. b4 a4 40. Ke1 Rh2
41. Ne2 Nd7 42. Nd4 Ne5 43. Kf1 Nc4 44. Kg1 Ra2 45. Nc2 Rb2 46. Nd4 Ra2 47. Nc2
Kc7 48. h5 Rb2 49. g5 Rb1+ 50. Kh2 Rd1 51. Nd4 Rd2+ 52. Kg3 Rd1 53. Kh2 Rd2+ 54.
Kg3 Rd1 55. gxh6 Rh1 56. Rc2 Nxe3 57. Rxc6+ Kd7 58. Rc5 f5 59. hxg6 Rxh6 60. Kf4 1-0

[Event "TCh-FRA Top 12 2012"]
[Site "Belfort FRA"]
[Date "2012.06.07"]
[Round "8.7"]
[White "Colovic, Aleksandar"]
[Black "Taddei, Benoit"]
[Result "1/2-1/2"]
[WhiteTitle "IM"]
[BlackTitle "FM"]
[WhiteElo "2433"]
[BlackElo "2320"]
[WhiteTeam "GRASSE Echecs"]
[BlackTeam "METZ Fischer"]
[WhiteFideId "15000729"]
[BlackFideId "610151"]
[EventDate "2012.05.31"]

1. e4 Nf6 2. e5 Nd5 3. d4 d6 4. Nf3 Bg4 5. Be2 c6 6. O-O Bxf3 7. Bxf3 dxe5 8.
dxe5 e6 9. Re1 Nd7 10. Nd2 Qc7 11. Nc4 N7b6 12. Qe2 h6 13. Nxb6 Nxb6 14. Bd2 a5
15. h4 Bc5 16. h5 Nd7 17. Bf4 Nb6 18. Rad1 O-O 19. Bg3 Nd5 20. Qc4 Qb6 21. c3
Rad8 22. Qe2 Qc7 23. Kh2 Rd7 24. Be4 Rfd8 25. Bc2 Ne7 26. Rxd7 Rxd7 27. Rd1 Qd8
28. Rxd7 Qxd7 29. Bf4 Kf8 30. f3 Nd5 31. Bc1 Qc7 32. f4 Qb6 33. c4 Ne3 34. Be4
Nf5 35. Qd3 Nd4 36. b3 a4 37. bxa4 Qb4 38. Bd2 Qxa4 39. Be3 Qa7 40. a4 Qb6 41.
a5 Qd8 42. Kh3 f5 43. exf6 Qxf6 44. Qb1 Qf7 45. Bg6 Qc7 46. Qb2 e5 47. fxe5 Qxe5
48. Qf2+ Ke7 49. g4 Ne6 50. Bxc5+ Qxc5 51. Qe2 Kd6 52. Qd2+ Qd4 53. Qb4+ Ke5 54.
Qe7 Qe3+ 55. Kh2 Qg5 56. Qxb7 Qh4+ 57. Kg1 Qxh5 58. gxh5 1/2-1/2

[Event "TCh-FRA Top 12 2012"]
[Site "Belfort FRA"]
[Date "2012.06.07"]
[Round "8.8"]
[White "Leconte, Maria"]
[Black "Forestier, Carole"]
[Result "1/2-1/2"]
[WhiteTitle "WGM"]
[WhiteElo "2260"]
[BlackElo "2096"]
[WhiteTeam "METZ Fischer"]
[BlackTeam "GRASSE Echecs"]
[WhiteFideId "618446"]
[BlackFideId "641405"]
[EventDate "2012.05.31"]

1. e4 e6 2. d4 d5 3. Nd2 Nf6 4. e5 Nfd7 5. c3 c5 6. Bd3 Nc6 7. Ngf3 cxd4 8. cxd4
f6 9. exf6 Nxf6 10. O-O Bd6 11. b3 O-O 12. Bb2 Ng4 13. h3 Nh6 14. Ne5 Nf5 15.
Qg4 Bd7 16. Nxd7 Qxd7 17. Nf3 Nb4 18. Bb1 Rac8 19. Ne1 Qb5 20. Bxf5 Rxf5 21. Qd1
Bh2+ 22. Kxh2 Qxf1 23. f3 Qf2 24. Ba3 Nc6 25. Bc5 b6 26. Nd3 Qe3 27. Ba3 Nxd4
28. Bb2 e5 29. Kh1 e4 30. Nb4 exf3 31. Qxd4 fxg2+ 32. Kh2 Qxd4 33. Bxd4 Rf4 34.
Nxd5 Re4 35. Bg1 Re2 36. Nf4 Rb2 37. Rd1 Rc7 38. Ne6 Re7 39. Rd8+ Kf7 40. Nxg7
Re1 41. Rd7+ Kg6 42. Rxa7 b5 43. h4 h5 44. Rb7 Rbb1 45. Rxb5 Kxg7 46. Rg5+ Kh6
47. Rxg2 Re4 48. Kh3 Rd1 49. Rg3 Rde1 50. a4 Rg4 51. Be3+ Kg6 52. Bg5 Rh1+ 53.
Kg2 Rg1+ 54. Kxg1 Rxg3+ 55. Kf2 Rxb3 56. a5 Ra3 57. Bd8 Kf5 58. Ke2 Ke4 59. Kf2
Rf3+ 60. Ke2 Kf4 61. Bg5+ Kg4 62. Be3 Rf6 63. Bf2 Ra6 64. Be1 Re6+ 65. Kd1 Kh3
66. Bf2 Kg2 67. Be1 Kf3 68. Bc3 Kf2 69. Kc2 Kg3 70. Kb3 Kxh4 71. Kb4 Kg3 72. Kb5
Re3 73. Bf6 Re6 74. Bd8 Re5+ 75. Kb6 Re6+ 76. Kb7 Re1 77. Bc7+ Kg2 78. a6 1/2-1/2

[Event "TCh-FRA Top 12 2012"]
[Site "Belfort FRA"]
[Date "2012.06.07"]
[Round "8.1"]
[White "Buhmann, Rainer"]
[Black "Feller, Sebastien"]
[Result "1/2-1/2"]
[WhiteTitle "GM"]
[BlackTitle "GM"]
[WhiteElo "2567"]
[BlackElo "2640"]
[WhiteTeam "BISCHWILLER"]
[BlackTeam "EVRY Grand Roque"]
[WhiteFideId "4651340"]
[BlackFideId "634654"]
[EventDate "2012.05.31"]

1. Nf3 g6 2. e4 Bg7 3. d4 d6 4. c4 Bg4 5. Be2 Bxf3 6. Bxf3 Nc6 7. Be3 e5 8. d5
Nd4 9. Bxd4 exd4 10. O-O c5 11. Re1 Nf6 12. e5 dxe5 13. Rxe5+ Kf8 14. Nd2 Bh6
15. b4 Qd6 16. Re1 b6 17. bxc5 bxc5 18. Ne4 Nxe4 19. Bxe4 1/2-1/2

[Event "TCh-FRA Top 12 2012"]
[Site "Belfort FRA"]
[Date "2012.06.07"]
[Round "8.5"]
[White "Marcelin, Cyril"]
[Black "Relange, Eloi"]
[Result "1/2-1/2"]
[WhiteTitle "GM"]
[BlackTitle "GM"]
[WhiteElo "2477"]
[BlackElo "2472"]
[WhiteTeam "BISCHWILLER"]
[BlackTeam "EVRY Grand Roque"]
[WhiteFideId "607274"]
[BlackFideId "600822"]
[EventDate "2012.05.31"]

1. c4 e5 2. g3 Nc6 3. Nc3 g6 4. Bg2 Bg7 5. e4 d6 6. Nge2 Nh6 7. h4 O-O 8. d3 Be6
9. Nd5 f6 10. f3 Ne7 11. d4 Nf7 12. Be3 f5 13. Nxe7+ Qxe7 14. d5 Bd7 15. Qd2 a6 1/2-1/2

[Event "TCh-FRA Top 12 2012"]
[Site "Belfort FRA"]
[Date "2012.06.07"]
[Round "8.6"]
[White "Moussard, Jules"]
[Black "Maisuradze, Nino"]
[Result "1/2-1/2"]
[WhiteTitle "IM"]
[BlackTitle "WGM"]
[WhiteElo "2402"]
[BlackElo "2302"]
[WhiteTeam "EVRY Grand Roque"]
[BlackTeam "BISCHWILLER"]
[WhiteFideId "642908"]
[BlackFideId "13601717"]
[EventDate "2012.05.31"]

1. d4 d5 2. c4 e6 3. Nf3 Nf6 4. g3 dxc4 5. Bg2 Nbd7 6. O-O a6 7. Qc2 Rb8 8. Qxc4
b5 9. Qc2 Bb7 10. a3 c5 11. dxc5 Bxc5 12. b4 Be4 13. Qb2 Ba7 14. Bf4 Rc8 15.
Nbd2 Ba8 16. a4 Bc6 17. axb5 Bxb5 18. Nb3 O-O 19. Nfd4 Bb8 20. Nxb5 axb5 21.
Bxb8 Rxb8 22. Nd4 Qc7 23. Ra5 Qe5 24. Qd2 Qh5 25. Nc6 Rb6 26. h3 Ne5 27. g4 Nc4
28. Qd4 Qh4 29. Ra7 Rxc6 30. Bxc6 Qxh3 31. Bg2 Qh4 32. Rfa1 h5 33. Ra8 Rxa8 34.
Rxa8+ Kh7 35. Qd3+ g6 36. Qd8 Kh6 37. Qe7 Ne5 38. Qf8+ Kg5 39. Qd6 Nexg4 40.
Qd2+ Kf5 41. e3 Qh2+ 42. Kf1 Qc7 43. f3 Nh2+ 44. Kg1 Kg5 45. e4+ Kh4 46. f4 Qb6+
47. Kh1 Nhg4 48. Bf3 Qf2 49. Qxf2+ Nxf2+ 50. Kg2 Nd3 51. f5 exf5 52. exf5 Nxb4
53. Rf8 Kg5 54. Rxf7 Kxf5 55. Rb7 Nd3 56. Rxb5+ Ne5 57. Bb7 Ng4 58. Kg3 g5 59.
Bc8+ Kg6 60. Rb6+ Nf6 61. Be6 h4+ 62. Kh3 Nd3 63. Bb3 Nf4+ 64. Kh2 g4 65. Bc2+
Kg5 66. Rb5+ Kh6 67. Rb3 1/2-1/2

[Event "TCh-FRA Top 12 2012"]
[Site "Belfort FRA"]
[Date "2012.06.07"]
[Round "8.7"]
[White "Wagner, Claude"]
[Black "Milliet, Sophie"]
[Result "1/2-1/2"]
[WhiteTitle "IM"]
[BlackTitle "IM"]
[WhiteElo "2340"]
[BlackElo "2387"]
[WhiteTeam "BISCHWILLER"]
[BlackTeam "EVRY Grand Roque"]
[WhiteFideId "600830"]
[BlackFideId "623725"]
[EventDate "2012.05.31"]

1. d4 Nf6 2. c4 c5 3. d5 b5 4. Nf3 Bb7 5. Qc2 bxc4 6. e4 e6 7. Bxc4 exd5 8. exd5
Bxd5 9. Bxd5 Nxd5 10. O-O Be7 11. Re1 Na6 12. Qc4 Nac7 13. Qxc5 O-O 14. Qc4 Bf6
15. Nc3 Nxc3 16. bxc3 Rc8 17. Bd2 Ne6 18. Qa4 Qc7 19. Rab1 Rb8 20. c4 Rfc8 21.
Be3 h6 22. Rxb8 Rxb8 23. Qxa7 Qxa7 24. Bxa7 Ra8 25. Be3 Rxa2 26. g3 Rc2 27. Rd1
Rxc4 1/2-1/2

[Event "TCh-FRA Top 12 2012"]
[Site "Belfort FRA"]
[Date "2012.06.07"]
[Round "8.8"]
[White "Leroy, Didier"]
[Black "Bellahcene, Bilel"]
[Result "0-1"]
[WhiteTitle "IM"]
[BlackTitle "FM"]
[WhiteElo "2284"]
[BlackElo "2347"]
[WhiteTeam "EVRY Grand Roque"]
[BlackTeam "BISCHWILLER"]
[WhiteFideId "610950"]
[BlackFideId "696358"]
[EventDate "2012.05.31"]

1. d4 Nf6 2. Nf3 e6 3. g3 d5 4. Bg2 b5 5. b3 Be7 6. O-O O-O 7. c4 bxc4 8. bxc4
Ba6 9. c5 Ne4 10. Ne5 f6 11. Nd3 f5 12. Ba3 Qe8 13. f3 Nf6 14. Nc3 Nc6 15. Nb4
Bc4 16. Qd2 Nxb4 17. Bxb4 a5 18. Ba3 Qg6 19. Rfb1 h5 20. Bc1 h4 21. Qg5 Qf7 22.
Qe3 Nh5 23. f4 Qg6 24. Rb7 Rac8 25. Bd2 hxg3 26. h3 Kh7 27. a4 Nf6 28. Be1 Ne4
29. Ra3 Bf6 30. Nb5 c6 31. Nd6 Rb8 32. Rxb8 Rxb8 33. Nxc4 Rb1 34. Kf1 dxc4 35.
Bxe4 fxe4 36. Qxg3 Qxg3 37. Rxg3 Rxe1+ 0-1

[Event "TCh-FRA Top 12 2012"]
[Site "Belfort FRA"]
[Date "2012.06.07"]
[Round "8.3"]
[White "Naiditsch, Arkadij"]
[Black "Bogner, Sebastian"]
[Result "1-0"]
[WhiteTitle "GM"]
[BlackTitle "GM"]
[WhiteElo "2698"]
[BlackElo "2569"]
[WhiteTeam "MARSEILLE Echecs"]
[BlackTeam "MULHOUSE Philidor"]
[WhiteFideId "4650891"]
[BlackFideId "4692055"]
[EventDate "2012.05.31"]

1. c4 e5 2. g3 Nf6 3. Bg2 d5 4. cxd5 Nxd5 5. Nf3 Nc6 6. O-O Nb6 7. d3 Be7 8. a3
a5 9. Nc3 O-O 10. Be3 Re8 11. Rc1 Bf8 12. d4 exd4 13. Nxd4 Nxd4 14. Qxd4 Qxd4
15. Bxd4 c5 16. Be3 a4 17. Ne4 Ra5 18. Rfd1 Rb5 19. Bxc5 Rxb2 20. Nd6 Bxd6 21.
Rxd6 Nc4 22. Rd4 Be6 23. Rdxc4 Bxc4 24. Rxc4 b5 25. Rc1 h6 26. Bb4 Rexe2 27. Rf1
Rec2 28. h4 h5 29. Bd5 g6 30. Re1 Re2 31. Rxe2 Rxe2 32. Bc6 Re5 33. f4 Re3 34.
Kf2 Rb3 35. Bxb5 Rb2+ 36. Kf3 1-0

[Event "TCh-FRA Top 12 2012"]
[Site "Belfort FRA"]
[Date "2012.06.07"]
[Round "8.4"]
[White "Riff, Jean-Noel"]
[Black "Gozzoli, Yannick"]
[Result "1/2-1/2"]
[WhiteTitle "IM"]
[BlackTitle "GM"]
[WhiteElo "2494"]
[BlackElo "2551"]
[WhiteTeam "MULHOUSE Philidor"]
[BlackTeam "MARSEILLE Echecs"]
[WhiteFideId "611190"]
[BlackFideId "616915"]
[EventDate "2012.05.31"]

1. e4 e5 2. Nf3 Nc6 3. Bb5 Nf6 4. O-O Nxe4 5. d4 Nd6 6. dxe5 Nxb5 7. a4 Nbd4 8.
Nxd4 d5 9. exd6 Nxd4 10. Qxd4 Qxd6 11. Qe4+ 1/2-1/2

[Event "TCh-FRA Top 12 2012"]
[Site "Belfort FRA"]
[Date "2012.06.07"]
[Round "8.6"]
[White "Demuth, Adrien"]
[Black "Istratescu, Andrei"]
[Result "0-1"]
[WhiteTitle "IM"]
[BlackTitle "GM"]
[WhiteElo "2423"]
[BlackElo "2636"]
[WhiteTeam "MULHOUSE Philidor"]
[BlackTeam "MARSEILLE Echecs"]
[WhiteFideId "642274"]
[BlackFideId "1200372"]
[EventDate "2012.05.31"]

1. d4 g6 2. c4 Bg7 3. Nc3 c5 4. d5 Bxc3+ 5. bxc3 f5 6. e4 fxe4 7. h4 d6 8. h5
Nf6 9. hxg6 Bf5 10. gxh7 Qa5 11. Qb3 Nbd7 12. Ne2 O-O-O 13. Nf4 Ne5 14. Be3 Rxh7
15. Rxh7 Nxh7 16. Be2 Nf6 17. Kd2 Bg4 18. Bf1 Rf8 19. Qb5 Qc7 20. Rb1 Nh5 21.
Nxh5 Bxh5 22. Rb2 Kb8 23. Ke1 Bg4 24. Qb3 e6 25. Bh6 Rf7 26. Be3 Qe7 27. Qc2 Bf5
28. Kd2 Ng4 29. Qd1 exd5 30. cxd5 Qe5 31. Kc2 Nxf2 32. Bxf2 e3+ 33. Kb3 exf2 34.
Rxf2 Bg4 35. Qd2 Rxf2 36. Qxf2 Qxd5+ 37. Kb2 a6 38. Qf4 Be6 39. c4 Qe5+ 40. Qxe5
dxe5 41. Kc3 Kc7 42. Be2 Kd6 43. g4 Ke7 44. Kd2 Kf6 45. Ke3 Bd7 46. g5+ Kxg5 47.
Ke4 Kf6 48. Kd5 Bc6+ 49. Kxc5 Kf5 50. Kd6 Kf4 51. c5 a5 0-1

[Event "TCh-FRA Top 12 2012"]
[Site "Belfort FRA"]
[Date "2012.06.07"]
[Round "8.7"]
[White "Maze, Sebastien"]
[Black "Shoker, Samy"]
[Result "1/2-1/2"]
[WhiteTitle "GM"]
[BlackTitle "IM"]
[WhiteElo "2594"]
[BlackElo "2517"]
[WhiteTeam "MARSEILLE Echecs"]
[BlackTeam "MULHOUSE Philidor"]
[WhiteFideId "613762"]
[BlackFideId "627143"]
[EventDate "2012.05.31"]

1. Nf3 Nf6 2. d4 c5 3. c4 cxd4 4. Nxd4 e5 5. Nc2 d5 6. cxd5 Qxd5 7. Bd2 Ne4 8.
Ne3 Qd4 9. Nc3 Bb4 10. Nxe4 Qxe4 11. Nd5 Qxd5 12. Bxb4 Qxd1+ 13. Rxd1 Nc6 14.
Bc3 Be6 15. a3 f6 16. e3 Ne7 17. Bd3 Nd5 18. Bd2 Kf7 19. Ke2 Rhd8 20. Rc1 Rd7
21. Rhd1 a6 22. Ba5 f5 23. Bc4 Rc8 24. Bd3 Rxc1 25. Rxc1 g5 26. f3 h5 27. Bd2
Nf6 28. Rc5 e4 29. fxe4 fxe4 30. Bc2 Rd5 31. Rc3 h4 32. Be1 Bg4+ 33. Kf1 Rf5+
34. Bf2 Rb5 35. h3 Be6 36. b4 Nd5 37. Rc5 Rxc5 38. bxc5 Nf6 39. Be1 Bc4+ 40. Kf2
Ke6 41. Bc3 Bd5 42. g3 Nd7 43. gxh4 gxh4 44. Bd4 Ne5 45. Bd1 Bc4 46. Bh5 Bb5 47.
Ke1 Kd5 48. Kf2 Bd7 49. Kg2 a5 50. Bc3 Nc4 51. Be2 Nxe3+ 52. Kf2 Nc2 53. Bxa5
Bxh3 54. Bd8 Nxa3 55. Bxh4 Nc2 56. Bd1 Nd4 57. Be7 Bd7 58. Bf8 Nf5 59. Bg4 e3+
60. Ke1 Be6 61. Bf3+ Kc4 62. Bxb7 Bd5 63. Ba6+ Kd4 64. Bb5 Ke4 65. c6 Nd4 66. c7
Bb7 67. Bc4 Bc8 68. Bc5 Ne6 69. Bxe3 Kxe3 70. Bxe6 Bxe6 71. c8=B Bd5 1/2-1/2

[Event "TCh-FRA Top 12 2012"]
[Site "Belfort FRA"]
[Date "2012.06.07"]
[Round "8.8"]
[White "Choisy, Mathilde"]
[Black "Delorme, Laurie"]
[Result "1-0"]
[WhiteTitle "WFM"]
[BlackTitle "WIM"]
[WhiteElo "2205"]
[BlackElo "2236"]
[WhiteTeam "MULHOUSE Philidor"]
[BlackTeam "MARSEILLE Echecs"]
[WhiteFideId "634565"]
[BlackFideId "630829"]
[EventDate "2012.05.31"]

1. e4 e5 2. Nf3 Nc6 3. Bc4 Nf6 4. d3 Be7 5. O-O O-O 6. Re1 d6 7. a4 Kh8 8. a5 a6
9. Nc3 Be6 10. Nd5 Qd7 11. c3 Nd8 12. d4 Bxd5 13. exd5 e4 14. Nd2 Qf5 15. f3 e3
16. Rxe3 Nxd5 17. Bxd5 Bg5 18. f4 Bxf4 19. Rf3 Qh5 20. Nf1 Bxc1 21. Rxf7 Qxf7
22. Bxf7 Bxb2 23. Ra2 Bxc3 24. Qd3 Bb4 25. Bd5 c5 26. Ng3 Nc6 27. Bxc6 bxc6 28.
h3 cxd4 29. Ne4 d5 30. Ng5 1-0

[Event "TCh-FRA Top 12 2012"]
[Site "Belfort FRA"]
[Date "2012.06.07"]
[Round "8.2"]
[White "Edouard, Romain"]
[Black "Dumitrache, Dragos-Nicolae"]
[Result "1-0"]
[WhiteTitle "GM"]
[BlackTitle "IM"]
[WhiteElo "2625"]
[BlackElo "2446"]
[WhiteTeam "Echiquier Chalonnais"]
[BlackTeam "Echiquier Guingampais"]
[WhiteFideId "633429"]
[BlackFideId "1200437"]
[EventDate "2012.05.31"]

1. e4 e5 2. Nf3 Nc6 3. Bb5 Nf6 4. d3 d6 5. c3 g6 6. O-O Bg7 7. h3 O-O 8. Re1 Bd7
9. Ba4 Qe8 10. Bc2 Nh5 11. d4 f5 12. dxe5 dxe5 13. b3 Kh8 14. Bd3 Rd8 15. Qc2 f4
16. Ba3 Rf6 17. Be2 Bf8 18. Bxf8 Rxf8 19. b4 g5 20. b5 Nb8 21. Nxe5 Qxe5 22.
Bxh5 Bxb5 23. Nd2 Nc6 24. Nf3 Qg7 25. e5 Bc4 26. e6 Rd6 27. Bf7 Ne7 28. Re5 h6
29. Rae1 Bd3 30. Qb3 b6 31. h4 g4 32. Nh2 Rfd8 33. c4 Bf5 34. Qa3 a5 1-0

[Event "TCh-FRA Top 12 2012"]
[Site "Belfort FRA"]
[Date "2012.06.07"]
[Round "8.3"]
[White "Bailet, Pierre"]
[Black "Salgado Lopez, Ivan"]
[Result "0-1"]
[WhiteTitle "IM"]
[BlackTitle "GM"]
[WhiteElo "2425"]
[BlackElo "2623"]
[WhiteTeam "Echiquier Guingampais"]
[BlackTeam "Echiquier Chalonnais"]
[WhiteFideId "655830"]
[BlackFideId "2257327"]
[EventDate "2012.05.31"]

1. Nf3 g6 2. e4 d6 3. d4 Nf6 4. Bd3 Bg7 5. O-O O-O 6. c3 Nc6 7. Re1 e5 8. Nbd2
Nh5 9. Nb3 h6 10. Bb5 Qf6 11. Bxc6 bxc6 12. Na5 c5 13. dxe5 dxe5 14. Nc4 Rd8 15.
Qc2 Ba6 16. Ncxe5 Qe6 17. Qb3 c4 18. Qa4 Rd6 19. Qa5 Re8 20. g4 f6 21. Nd4 Qxe5
22. Qa4 Rc8 23. gxh5 Qxh5 24. Bf4 Qg4+ 25. Bg3 Rb6 26. f3 Qh3 27. Ne2 Qh5 28.
Bf2 c5 29. Kg2 Qg5+ 30. Ng3 h5 31. Rad1 h4 32. Be3 Qe5 33. Ne2 g5 34. Rd5 Qe7
35. Rd7 Qe8 36. Bxc5 Rb7 37. Rxg7+ Rxg7 38. Qxe8+ Rxe8 39. Nd4 Bc8 40. b4 g4 41.
Nb5 f5 42. Nd6 gxf3+ 43. Kxf3 fxe4+ 44. Rxe4 Rxe4 45. Kxe4 Bh3 46. a4 Rg2 47.
Bxa7 Rxh2 48. Nxc4 Ra2 49. a5 Be6 50. Nb6 h3 51. Bb8 Kf7 52. Kd4 Ke7 53. Kc5 Kd8
54. Kc6 Rc2 55. Bc7+ Ke8 56. a6 Rxc3+ 57. Kb7 Bg4 58. Bf4 Bf3+ 59. Kb8 Rb3 60.
Bg3 Rxb4 61. Kc8 Rg4 62. Be5 Rg5 63. Bd6 Ra5 0-1

[Event "TCh-FRA Top 12 2012"]
[Site "Belfort FRA"]
[Date "2012.06.07"]
[Round "8.4"]
[White "Abergel, Thal"]
[Black "Brochet, Philippe"]
[Result "0-1"]
[WhiteTitle "GM"]
[BlackTitle "IM"]
[WhiteElo "2451"]
[BlackElo "2383"]
[WhiteTeam "Echiquier Chalonnais"]
[BlackTeam "Echiquier Guingampais"]
[WhiteFideId "614890"]
[BlackFideId "602469"]
[EventDate "2012.05.31"]

1. e4 c5 2. Nc3 a6 3. g3 b5 4. Bg2 Bb7 5. Nge2 Nf6 6. d4 cxd4 7. Nxd4 e6 8. O-O
b4 9. Nd5 exd5 10. exd5 Bc5 11. Re1+ Kf8 12. Nf5 d6 13. Bf4 Bc8 14. Nd4 h6 15.
c3 bxc3 16. bxc3 Ra7 17. Qd3 g6 18. Rab1 Rb7 19. Rxb7 Bxb7 20. Ne6+ fxe6 21.
dxe6 Kg7 22. Bxb7 Ng4 23. Kg2 g5 24. Qf5 Qe7 25. Bf3 Nxf2 26. Rb1 Rf8 27. Qd5
Kf6 28. Re1 gxf4 29. gxf4 Rg8+ 30. Kf1 Ng4 31. Qh5 Nxh2+ 32. Ke2 Qxe6+ 33. Kd1
Qf5 34. Qxh6+ Qg6 35. Qh4+ Kg7 36. Qe7+ Kh8 37. Be4 Qh6 38. Rh1 Bg1 39. Bd5 Nc6
40. Bxc6 Qxf4 41. Qe2 Qg4 42. Bf3 Qa4+ 43. Kc1 Qf4+ 44. Kc2 Qe5 45. Qxa6 Rg3 46.
Qc4 Kg7 47. Bd5 Kg6 48. a4 Kg5 49. a5 Ng4 50. Kb2 Rxc3 51. Qe4 Qxe4 52. Bxe4 Bd4
53. Rd1 Rd3+ 54. Kc2 Rxd1 55. Kxd1 Nf2+ 56. Ke2 Nxe4 57. Kd3 Bc5 0-1

[Event "TCh-FRA Top 12 2012"]
[Site "Belfort FRA"]
[Date "2012.06.07"]
[Round "8.6"]
[White "Dourerassou, Jonathan"]
[Black "Migot, Tangi"]
[Result "1/2-1/2"]
[WhiteTitle "IM"]
[WhiteElo "2462"]
[BlackElo "2257"]
[WhiteTeam "Echiquier Chalonnais"]
[BlackTeam "Echiquier Guingampais"]
[WhiteFideId "628050"]
[BlackFideId "662445"]
[EventDate "2012.05.31"]

1. e4 e5 2. Nf3 Nc6 3. Bc4 Bc5 4. c3 Nf6 5. d4 exd4 6. e5 d5 7. Bb5 Ne4 8. Nxd4
O-O 9. Bxc6 bxc6 10. O-O Bd7 11. Be3 Bb6 12. f3 Ng5 13. f4 Ne4 14. Nd2 Nxd2 15.
Qxd2 f6 16. Nf3 Re8 17. Rae1 Bg4 18. Nd4 c5 19. Nb3 fxe5 20. fxe5 Rxe5 21. Bxc5
Rxe1 22. Rxe1 Qd7 23. Qg5 h6 24. Qe5 Bf5 25. Qd4 Rd8 26. Nd2 Kh7 27. Re5 Bg6 28.
h3 Qf7 29. Nf1 Qf6 30. b4 Bxc5 31. bxc5 Rb8 32. Ng3 c6 33. Kh2 Rb2 34. Re2 Qxd4
35. cxd4 Rb4 36. Rd2 a5 37. Ne2 a4 38. Kg3 a3 39. Kf2 Rb2 40. Ke3 Bb1 41. Nc3
Bc2 42. Re2 g5 43. Kf3 1/2-1/2

[Event "TCh-FRA Top 12 2012"]
[Site "Belfort FRA"]
[Date "2012.06.07"]
[Round "8.7"]
[White "Bodenez, Vincent"]
[Black "Vernay, Clovis"]
[Result "1/2-1/2"]
[BlackTitle "IM"]
[WhiteElo "2213"]
[BlackElo "2441"]
[WhiteTeam "Echiquier Guingampais"]
[BlackTeam "Echiquier Chalonnais"]
[WhiteFideId "624462"]
[BlackFideId "633046"]
[EventDate "2012.05.31"]

1. e4 c5 2. Nf3 d6 3. d4 cxd4 4. Nxd4 Nf6 5. Nc3 e5 6. Bb5+ Nbd7 7. Nf5 a6 8.
Bxd7+ Qxd7 9. Bg5 Nxe4 10. Nxg7+ Bxg7 11. Nxe4 O-O 12. Nf6+ Bxf6 13. Bxf6 Qf5
14. Qxd6 Qe4+ 15. Kf1 Bh3 16. Rg1 Be6 17. b3 Rac8 18. Qxe5 Qxe5 19. Bxe5 Rxc2
20. Bf4 Rd8 21. g4 Rd4 22. Be3 Rxg4 23. Rxg4+ Bxg4 24. Kg2 Kg7 25. b4 Kg6 26.
Kg3 Be2 27. Rc1 Rxa2 28. Rc7 Ra1 29. Rxb7 Rg1+ 30. Kf4 Rg4+ 31. Ke5 f6+ 32. Kd6
Rh4 33. Rb6 Re4 34. Kd5 Re5+ 35. Kd6 Bc4 36. Kc7 Re7+ 37. Kd6 Re5 38. Kc7 Re7+
39. Kd6 Re4 40. Kc5 Bd3 41. Bd4 Rf4 42. Be3 Re4 43. Bd4 Rf4 44. Be3 Rf3 45. Kd4
Be2 46. Ke4 Rh3 1/2-1/2